[Event "Indywidualne Mistrzostwa Polski Juniorow - C18"]
[Site "Szczyrk"]
[Date "2013-03-24"]
[Round "7.7"]
[White "Klimek, Marcin"]
[Black "Musialkiewicz, Pawel"]
[Result "0-1"]
[WhiteTitle "I"]
[BlackTitle "k"]
[WhiteElo "1819"]
[BlackElo "2182"]

1. e4 e6 2. d4 d5 3. e5 c5 4. c3 Qb6 5. Nf3 Nc6 6. a3 c4 7. Nbd2 Na5 8. g3 Bd7
9. Bh3 h6 10. Nh4 O-O-O 11. O-O Ne7 12. Ng2 Kb8 13. Ne3 f5 14. f4 g5 15. Rf2 Ng6
16. Bf1 Be7 17. Ng2 Rdg8 18. Rb1 Nb3 19. Nf3 g4 20. Nd2 Ba4 21. Nxb3 Bxb3 22.
Qe1 h5 23. Re2 h4 24. Ne3 Rh5 25. Rg2 Rgh8 26. Kf2 h3 27. Rg1 Nxf4 28. Nxc4 dxc4
29. Bxf4 Ba2 30. Be2 Bxb1 31. Qxb1 Qc6 32. b4 Rc8 33. Qc2 Qd5 34. a4 Kc7 35. Bd1
Kd8 36. Qd2 Ke8 37. Qe3 Kf7 38. Bc2 Rhh8 39. Bd1 Rhg8 40. Bc2 Kg6 41. Bd1 Kh5
42. Bc2 Rgd8 43. Ke2 Qc6 44. Rf1 Qe8 45. Rf2 Rd5 46. Ke1 Qf8 47. Rd2 Qg7 48. Qf2
b5 49. a5 a6 50. Qe3 Kg6 51. Bd1 Kf7 52. Rb2 Ke8 53. Qf2 Kd7 54. Qe3 Kc6 55. Qf2
Kb7 56. Qe3 Rcd8 57. Qf2 R8d7 58. Kf1 Bd8 59. Rd2 Bc7 60. Ke1 Qf8 61. Ra2 Qh8
62. Qe3 Qd8 63. Be2 Bb8 64. Qf2 Qf8 65. Rb2 Rd8 66. Bf1 Qe7 67. Qe3 Ba7 68. Bg5
Qd7 69. Rd2 Rg8 70. Bf4 Qd8 71. Qf2 Rg7 72. Be3 Rgd7 73. Qf4 Bb8 74. Qf2 Bc7 75.
Ra2 Rxe5 76. Rd2 Red5 77. Bf4 Qf6 78. Re2 e5 79. Bxe5 Bxe5 0-1

[Event "Indywidualne Mistrzostwa Polski Juniorow - C18"]
[Site "Szczyrk"]
[Date "2013-03-24"]
[Round "7.8"]
[White "Pietruszewski, Marcin"]
[Black "Kwiatkowski, Wiktor"]
[Result "1-0"]
[WhiteTitle "k"]
[BlackTitle "I"]
[WhiteElo "2107"]
[BlackElo "1949"]

1. e4 c5 2. Nf3 d6 3. d4 cxd4 4. Nxd4 Nf6 5. Nc3 a6 6. Be3 e5 7. Nb3 Be6 8. f3
Be7 9. Qd2 O-O 10. O-O-O a5 11. Kb1 a4 12. Nc1 Qa5 13. Nb5 d5 14. Qxa5 Rxa5 15.
Nc7 Nbd7 16. exd5 Bxd5 17. Bd2 Ra7 18. Nxd5 Nxd5 19. c4 N5f6 20. Be3 b6 21. Be2
Rc7 22. Rd2 a3 23. b3 Bb4 24. Rdd1 Rfc8 25. Nd3 Be7 26. Ne1 g6 27. Bc1 b5 28.
Nc2 bxc4 29. Bxc4 Ra8 30. Be3 Rb8 31. Kc1 Nb6 32. Bxb6 Rxb6 33. Ne3 Bc5 34. Nd5
Nxd5 35. Rxd5 Bd4 36. Ra5 Kg7 37. Rd1 f5 38. Kc2 Rxc4+ 39. bxc4 Rb2+ 40. Kd3 Rxa2
41. Rd2 Ra1 42. c5 Re1 43. c6 Re3+ 44. Kc4 Rc3+ 45. Kd5 Kf6 46. Kd6 Bb6 47. Ra6
a2 48. Raxa2 e4 49. fxe4 fxe4 50. Rac2 1-0

[Event "Indywidualne Mistrzostwa Polski Juniorow - C18"]
[Site "Szczyrk"]
[Date "2013-03-24"]
[Round "7.9"]
[White "Eggink, Mateusz"]
[Black "Zochowski, Kacper"]
[Result "0-1"]
[WhiteTitle "I"]
[BlackTitle "I++"]
[WhiteElo "2035"]
[BlackElo "2083"]

1. e4 c5 2. Nf3 d6 3. d4 cxd4 4. Nxd4 Nf6 5. Nc3 a6 6. Be3 e6 7. f3 b5 8. Qd2 Bb7
9. g4 Nfd7 10. a4 bxa4 11. Rxa4 Be7 12. Be2 Nb6 13. Rb4 N8d7 14. Nxe6 fxe6 15.
Bxb6 Nxb6 16. Qd4 Nd7 17. Rxb7 O-O 18. Na4 Qc8 19. Rb3 Qxc2 20. Qc4 Qb1+ 21. Bd1
Bh4+ 22. Ke2 Rac8 23. Qxe6+ Kh8 24. Nc3 Rxc3 25. Rxc3 Qxb2+ 26. Rc2 Qa3 27. f4
Ne5 28. Kf1 Qh3+ 29. Kg1 Qe3+ 30. Kg2 Nd3 31. Qf5 Nxf4+ 32. Kf1 Qe1+ 0-1

[Event "Indywidualne Mistrzostwa Polski Juniorow - C18"]
[Site "Szczyrk"]
[Date "2013-03-24"]
[Round "7.10"]
[White "Adamowicz, Maciej"]
[Black "Faron, Rafal"]
[Result "1/2-1/2"]
[WhiteTitle "I++"]
[BlackTitle "I"]
[WhiteElo "2042"]
[BlackElo "1894"]

1. c4 Nf6 2. Nf3 g6 3. g3 Bg7 4. Bg2 O-O 5. O-O d5 6. cxd5 Nxd5 7. Nc3 Nb6 8. d3
Nc6 9. Be3 e5 10. Qd2 Be6 11. Rac1 Nd5 12. Ng5 Nxe3 13. Qxe3 Bd7 14. Nf3 Rc8 15.
Nd2 h5 16. Nb3 Kh7 17. Qd2 Nd4 18. Nc5 b6 19. Nxd7 Qxd7 20. e3 Ne6 21. Ne2 c5
22. Qc2 Rcd8 23. Rcd1 f5 24. f4 exf4 25. gxf4 Nc7 26. d4 Qe7 27. Qb3 Rfe8 28.
dxc5 Rxd1 29. Rxd1 Qxc5 30. Kf2 Re7 31. Ng1 Ne6 32. Nh3 Bf6 33. Bd5 Nc7 34. Bf3
Ne6 35. Bd5 Nc7 36. Bf3 Ne6 37. Bd5 1/2-1/2

[Event "Indywidualne Mistrzostwa Polski Juniorow - C18"]
[Site "Szczyrk"]
[Date "2013-03-24"]
[Round "7.11"]
[White "Zareba, Grzegorz"]
[Black "Cukrowski, Filip"]
[Result "0-1"]
[WhiteTitle "I"]
[BlackTitle "k"]
[WhiteElo "1968"]
[BlackElo "2163"]

1. c4 e5 2. Nc3 Nf6 3. g3 d5 4. cxd5 Nxd5 5. Bg2 Nb6 6. Nf3 Nc6 7. d3 Be7 8. O-O
O-O 9. Be3 Be6 10. Na4 f5 11. Bc5 Bd5 12. Rc1 Bd6 13. Bxd6 cxd6 14. Nxb6 axb6
15. a3 Bf7 16. Qd2 h6 17. e4 fxe4 18. dxe4 Bh5 19. Qd3 Kh8 20. Rc3 Bxf3 21. Bxf3
Nd4 22. Bh5 Qg5 23. Qd1 Rac8 24. f4 Qe7 25. Bg4 Rc5 26. Qd3 Qe8 27. Rf2 Qc6 28.
h4 Rd8 29. Kh2 Rf8 30. Kg1 b5 31. Rxc5 Qxc5 32. Qc3 b6 33. Kg2 Re8 34. Rd2 Re7
35. Qd3 Qc6 36. Kh2 Qc4 37. Qe3 Qc1 38. fxe5 dxe5 39. Qf2 Kg8 40. Rd1 Qc4 41.
Bh5 Rc7 42. Kg1 Qb3 43. Rd2 g6 44. Bd1 Rc1 45. Qe1 Nf3+ 46. Kh1 Nxd2 47. Bxb3+
Nxb3 0-1

[Event "Indywidualne Mistrzostwa Polski Juniorow - C18"]
[Site "Szczyrk"]
[Date "2013-03-24"]
[Round "7.12"]
[White "Zielinski, Maciej"]
[Black "Dzierzak, Radoslaw"]
[Result "1-0"]
[WhiteTitle "I++"]
[BlackTitle "I+"]
[WhiteElo "2091"]
[BlackElo "1912"]

1. e4 c5 2. Nf3 e6 3. d4 cxd4 4. Nxd4 Nc6 5. Nc3 Qc7 6. Be2 Nf6 7. O-O a6 8. a4
Bb4 9. Nxc6 bxc6 10. Bd3 d5 11. Qf3 Bd6 12. h3 Bb7 13. Re1 O-O 14. a5 d4 15. Na4
Qxa5 16. Qe2 Bb4 17. Rf1 e5 18. Bg5 Be7 19. b3 Qc7 20. Bxf6 Bxf6 21. Nc5 a5 22.
Nxb7 Qxb7 23. Bc4 Be7 24. f4 exf4 25. Rxf4 Bg5 26. Rf5 Be3+ 27. Kh1 Qb4 28. Qf3
Ra7 29. Rf1 Qe7 30. Qh5 Qe8 31. Rxa5 g6 32. Qe5 Rxa5 33. Qxa5 Qxe4 34. Qc7 Qe8
35. Qd6 Kg7 36. Qf6+ Kh6 37. Qh4+ Kg7 38. Qf6+ Kh6 39. Qh4+ Kg7 40. Qf6+ Kh6 41.
Rf5 Qd7 42. g4 1-0

[Event "Indywidualne Mistrzostwa Polski Juniorow - C18"]
[Site "Szczyrk"]
[Date "2013-03-24"]
[Round "7.13"]
[White "Poswiatowski, Michal"]
[Black "Suliborski, Jakub"]
[Result "1-0"]
[WhiteTitle "I+"]
[BlackTitle "I++"]
[WhiteElo "2076"]
[BlackElo "1996"]

1. e4 c5 2. Nf3 d6 3. Bb5+ Nd7 4. d4 a6 5. Bxd7+ Bxd7 6. O-O cxd4 7. Qxd4 Bg4 8.
Nbd2 e6 9. h3 Bh5 10. Re1 Ne7 11. c4 Nc6 12. Qc3 Qc7 13. b3 Rg8 14. Rb1 g5 15.
b4 g4 16. hxg4 Bxg4 17. b5 Bg7 18. Qe3 Ne5 19. Nxe5 Bxe5 20. Bb2 Bxb2 21. Rxb2
a5 22. Rc1 b6 23. e5 d5 24. c5 Bf5 25. Nb3 Be4 26. f4 bxc5 27. Rxc5 Qe7 28. b6
a4 29. Na5 Qh4 30. b7 Rb8 31. Rc8+ Kd7 32. Rxg8 1-0

[Event "Indywidualne Mistrzostwa Polski Juniorow - C18"]
[Site "Szczyrk"]
[Date "2013-03-24"]
[Round "7.14"]
[White "Budzinski, Jan"]
[Black "Paszewski, Mateusz"]
[Result "1-0"]
[WhiteTitle "I+"]
[BlackTitle "I++"]
[WhiteElo "1984"]
[BlackElo "2065"]

1. e4 c5 2. Nc3 a6 3. f4 b5 4. Nf3 Bb7 5. d3 e6 6. g3 Nf6 7. Bg2 d5 8. exd5 Nxd5
9. Ne4 Nc6 10. O-O Qb6 11. Kh1 O-O-O 12. Qe1 h6 13. a4 Nf6 14. axb5 axb5 15. Nxf6
gxf6 16. Be3 Nd4 17. Nxd4 cxd4 18. Bf2 f5 19. Qa5 Bxg2+ 20. Kxg2 Kb7 21. c3 Bc5
22. cxd4 Bxd4 23. Qb4 Bxf2 24. Rxf2 Qc6+ 25. Kh3 Rd7 26. Rc2 Qb6 27. Rc5 Rd5 28.
Rxd5 exd5 29. Qe7+ Kb8 30. Qe5+ 1-0

[Event "Indywidualne Mistrzostwa Polski Juniorow - C18"]
[Site "Szczyrk"]
[Date "2013-03-24"]
[Round "7.15"]
[White "Grzeskow, Adrian"]
[Black "Lapaj, Mateusz"]
[Result "0-1"]
[WhiteTitle "I"]
[BlackTitle "I++"]
[WhiteElo "1885"]
[BlackElo "2044"]

1. e4 e6 2. d4 d5 3. Nc3 Bb4 4. e5 c5 5. a3 Bxc3+ 6. bxc3 Qc7 7. Qg4 f5 8. Qg3
cxd4 9. cxd4 Ne7 10. Ne2 O-O 11. Nf4 Qxc2 12. Bd2 Nbc6 13. Bc3 Qa4 14. Qe3 Bd7
15. h4 Rac8 16. Be2 Nxe5 17. dxe5 Rxc3 18. Qxc3 Qxf4 19. Qc7 Qa4 20. Qxb7 Ng6
21. h5 Nf4 22. Ra2 Qe4 23. f3 Qe3 24. Qb1 Rc8 25. Rc2 Nd3+ 26. Kd1 Ba4 0-1

[Event "Indywidualne Mistrzostwa Polski Juniorow - C18"]
[Site "Szczyrk"]
[Date "2013-03-24"]
[Round "7.16"]
[White "Kanarkiewicz, Michal"]
[Black "Jachym, Adam"]
[Result "0-1"]
[WhiteTitle "I"]
[BlackTitle "II+"]
[WhiteElo "2056"]
[BlackElo "1934"]

1. d4 d5 2. c4 c6 3. Nc3 Nf6 4. Nf3 dxc4 5. a4 Bf5 6. e3 Nbd7 7. Bxc4 e6 8. O-O
Bb4 9. Qb3 a5 10. Na2 Bd6 11. h3 O-O 12. Nc3 e5 13. dxe5 Bxe5 14. Nxe5 Nxe5 15.
Rd1 Qe7 16. Be2 Qb4 17. Qa2 Rad8 18. Bd2 Bc2 19. Nd5 Qb3 20. Nxf6+ gxf6 21. Bxa5
Qxa2 22. Rxa2 Bxd1 23. Bxd8 Rxd8 0-1

[Event "Indywidualne Mistrzostwa Polski Juniorow - C18"]
[Site "Szczyrk"]
[Date "2013-03-24"]
[Round "7.17"]
[White "Chmiel, Marcin"]
[Black "Knapik, Andrzej"]
[Result "0-1"]
[WhiteTitle "I+"]
[BlackTitle "I"]
[WhiteElo "1978"]
[BlackElo "1913"]

1. e4 e6 2. d4 d5 3. Nd2 Be7 4. Ngf3 Nf6 5. e5 Nfd7 6. Bd3 c5 7. c3 Nc6 8. O-O
Qb6 9. dxc5 Nxc5 10. Bc2 Nd7 11. Qe2 g5 12. Nb3 g4 13. Nfd4 Ndxe5 14. Nxc6 Nxc6
15. Qxg4 Bd7 16. Be3 Qc7 17. Nc5 O-O-O 18. Nxd7 Qxd7 19. Qa4 e5 20. Bxa7 Kc7 21.
Be3 Rhg8 22. b4 Rxg2+ 23. Kh1 Qh3 24. Bb6+ Kxb6 0-1

[Event "Indywidualne Mistrzostwa Polski Juniorow - C18"]
[Site "Szczyrk"]
[Date "2013-03-24"]
[Round "7.18"]
[White "Jaskolka, Tomasz"]
[Black "Worobiej, Daniel"]
[Result "1-0"]
[WhiteTitle "I++"]
[BlackTitle "I"]
[WhiteElo "2038"]
[BlackElo "1859"]

1. e4 e6 2. d3 d5 3. Nd2 dxe4 4. dxe4 Nc6 5. Ngf3 Nf6 6. e5 Ng4 7. Qe2 b6 8. Qe4
Nb4 9. Bd3 Nxd3+ 10. cxd3 Ba6 11. Qa4+ 1-0

[Event "Indywidualne Mistrzostwa Polski Juniorow - C18"]
[Site "Szczyrk"]
[Date "2013-03-24"]
[Round "7.19"]
[White "Szewczyk, Mariusz"]
[Black "Moszczenski, Milosz"]
[Result "1-0"]
[WhiteTitle "I++"]
[BlackTitle "I"]
[WhiteElo "2093"]
[BlackElo "1754"]

1. e4 e6 2. d4 d5 3. Nc3 Bb4 4. e5 c5 5. a3 Bxc3+ 6. bxc3 Qa5 7. Bd2 Qa4 8. Nf3
c4 9. Ra2 Nc6 10. Nh4 Nge7 11. Qg4 Qb5 12. Qd1 Nf5 13. Nxf5 exf5 14. a4 Qa5 15.
g3 Be6 16. h4 a6 17. h5 Rb8 18. Bh3 g5 19. hxg6 hxg6 20. Qf3 b5 21. Ke2 b4 22.
Bxf5 Rxh1 23. Bxe6 fxe6 24. Qxh1 bxc3 25. Qh8+ Kd7 26. Qg7+ Kc8 27. Be3 Rb2 28.
Ra1 Rxc2+ 29. Kf3 Qc7 30. Qxg6 Rd2 31. Qxe6+ Qd7 32. Qxd7+ Kxd7 33. Bxd2 Nxd4+
34. Ke3 Nc2+ 35. Ke2 Nd4+ 36. Kd1 cxd2 37. Ra3 Ke6 38. f4 Kf5 39. Re3 Ne6 40.
Kxd2 d4 41. Re1 a5 42. Rc1 c3+ 43. Kd3 Nc5+ 44. Kc4 d3 45. Kxc3 Ne4+ 46. Kxd3
Nxg3 47. Re1 1-0

[Event "Indywidualne Mistrzostwa Polski Juniorow - C18"]
[Site "Szczyrk"]
[Date "2013-03-24"]
[Round "7.20"]
[White "Kuspak, Aleksander"]
[Black "Dzikowski, Michal"]
[Result "1/2-1/2"]
[WhiteTitle "I"]
[BlackTitle "I"]
[WhiteElo "1926"]
[BlackElo "1879"]

1. e4 c6 2. d4 d5 3. e5 Bf5 4. Ne2 e6 5. Ng3 Bg6 6. Bd3 Bxd3 7. Qxd3 Nd7 8. O-O
c5 9. c3 Ne7 10. dxc5 Nxe5 11. Qe2 N7c6 12. b4 Nc4 13. Nd2 Nxd2 14. Bxd2 Be7 15.
Rad1 O-O 16. Rfe1 Qc7 17. f4 Bh4 18. Qg4 Bxg3 19. Qxg3 Ne7 20. Qf2 Qc6 21. Rb1
Qb5 22. Qe2 Qxe2 23. Rxe2 Rfc8 24. Be3 Re8 25. Rbe1 Nf5 26. Bd4 h5 27. Kf2 Kf8
28. g3 Ke7 29. h3 Kd7 30. g4 Nxd4 31. cxd4 Rh8 32. Kg3 hxg4 33. hxg4 g6 34. Rh2
Rxh2 35. Kxh2 Rh8+ 36. Kg3 Kc6 37. a4 Kd7 38. Rb1 Kc7 39. b5 Kd7 40. a5 Rb8 41.
Kh4 f6 42. Kg3 e5 43. c6+ Kc7 44. cxb7 exf4+ 45. Kxf4 Kxb7 46. g5 fxg5+ 47. Ke5
Kc7 48. Kxd5 Kd7 49. Kc5 Rc8+ 50. Kd5 Rb8 51. Ke4 Rf8 52. d5 Re8+ 53. Kd4 Rb8
54. Kc5 Rc8+ 55. Kb4 Kd6 56. Rg1 Kxd5 57. Rxg5+ Kd6 58. Rxg6+ Kc7 59. Rg7+ Kb8
1/2-1/2

[Event "Indywidualne Mistrzostwa Polski Juniorow - C18"]
[Site "Szczyrk"]
[Date "2013-03-24"]
[Round "7.21"]
[White "Adamczewski, Jedrzej"]
[Black "Lopuszanski, Kamil"]
[Result "1-0"]
[WhiteTitle "I"]
[BlackTitle "I"]
[WhiteElo "1861"]
[BlackElo "1870"]

1. e4 c6 2. d4 d5 3. exd5 cxd5 4. Bd3 Nc6 5. c3 Nf6 6. h3 e5 7. dxe5 Nxe5 8. Nf3
Nxd3+ 9. Qxd3 Bd6 10. O-O O-O 11. Bg5 h6 12. Bxf6 Qxf6 13. Nbd2 Rd8 14. Nd4 Qf4
15. N2f3 a5 16. Rfe1 Bd7 17. Rad1 Ra6 18. Qe3 Qf6 19. Ne5 Bc8 20. Ndf3 Bb8 21.
Nd3 Re6 22. Qd4 Qxd4 23. Nxd4 Rxe1+ 24. Rxe1 Kf8 25. Ne5 Re8 26. Nef3 Rxe1+ 27.
Nxe1 Ke7 28. Kf1 Kd6 29. Ke2 Bd7 30. Kd3 b5 31. a3 Bc7 32. Nec2 Bd8 33. Ne3 g6
34. Nec2 Bh4 35. Ke3 h5 36. g3 Bd8 37. h4 f6 38. f4 g5 39. Nf3 gxf4+ 40. Kxf4
Kc5 41. Nfd4 Bc7+ 42. Kf3 a4 43. Ne3 Be5 44. g4 hxg4+ 45. Nxg4 Bxd4 46. cxd4+
Kxd4 47. h5 Bf5 48. Kf4 Bb1 49. h6 Kc4 50. Ne3+ Kb3 51. Nf5 d4 52. h7 Bxf5 53.
Kxf5 d3 54. h8=Q d2 55. Qh3+ 1-0

[Event "Indywidualne Mistrzostwa Polski Juniorow - C18"]
[Site "Szczyrk"]
[Date "2013-03-24"]
[Round "7.22"]
[White "Gabryjalowicz, Jakub"]
[Black "Budnik, Mateusz"]
[Result "1/2-1/2"]
[WhiteTitle "I"]
[BlackTitle "II+"]
[WhiteElo "1779"]
[BlackElo "1701"]

1. e4 e6 2. d4 d5 3. exd5 exd5 4. Bd3 Bd6 5. Nf3 Ne7 6. O-O O-O 7. c3 Bf5 8. Bg5
f6 9. Bh4 c6 10. Bg3 Bxg3 11. hxg3 Qb6 12. b3 Na6 13. Re1 Bxd3 14. Qxd3 Rae8 15.
Nbd2 Ng6 16. a3 Qd8 17. c4 Rxe1+ 18. Rxe1 Re8 19. Rxe8+ Qxe8 20. cxd5 cxd5 21.
b4 Nc7 22. Nf1 Qb5 23. Qc2 Qc4 24. Qf5 Ne7 25. Qd7 Kf7 26. Ne3 Qc1+ 27. Kh2 Qc6
28. Qh3 Kg8 29. g4 Qd6+ 30. Kh1 Nb5 31. a4 Nc3 32. g5 Ne4 33. Kg1 fxg5 34. Nf5
Qxb4 35. Nxe7+ Qxe7 36. Qc8+ Kf7 37. Ne5+ Kf6 38. Ng4+ Kf7 39. Qf5+ Nf6 40. Nxf6
gxf6 41. Qxd5+ Kg6 42. g3 f5 43. Qg8+ Kh5 44. d5 Kh6 45. Kh2 Qe2 46. Qf8+ Kg6
47. Qg8+ 1/2-1/2

[Event "Indywidualne Mistrzostwa Polski Juniorow - C18"]
[Site "Szczyrk"]
[Date "2013-03-24"]
[Round "7.23"]
[White "Mikolajczak, Wojciech"]
[Black "Gora, Jan"]
[Result "0-1"]
[WhiteTitle "II+"]
[BlackTitle "I"]
[WhiteElo "1740"]
[BlackElo "1961"]

1. c4 e5 2. Nc3 Nc6 3. g3 f5 4. Bg2 g6 5. d3 Bg7 6. Bd2 Nf6 7. Nf3 O-O 8. O-O d6
9. Qc1 Qd7 10. Bh6 Nd8 11. Bxg7 Kxg7 12. b4 c6 13. b5 Nf7 14. bxc6 bxc6 15. e3
d5 16. cxd5 cxd5 17. d4 e4 18. Nd2 Ba6 19. Re1 Qd6 20. Na4 Rfc8 21. Nc5 Nd7 22.
Ndb3 Bc4 23. Qd1 Nxc5 24. Nxc5 a5 25. Bf1 Bxf1 26. Rxf1 Ng5 27. Kg2 Nf3 28. Qa4
Ra7 29. Rfb1 Rcc7 30. Rb5 f4 31. Rxa5 Rxa5 32. Qxa5 Rc6 33. Qa7+ Kh6 34. Qf7 fxe3
35. fxe3 Rb6 36. Qf4+ Qxf4 37. gxf4 Rb2+ 38. Kg3 Re2 39. a4 Rxe3 40. Kf2 Rc3 41.
Rd1 Rc2+ 42. Ke3 Nxh2 43. Rh1 Kg7 44. Rg1 h5 45. Nxe4 dxe4 46. Kxe4 Ra2 47. f5
Ng4 48. fxg6 Rxa4 49. Kd5 Nf6+ 50. Kc5 Ra5+ 51. Kc4 h4 52. Kb4 Rh5 53. Kc4 h3
54. Rh1 h2 0-1

[Event "Indywidualne Mistrzostwa Polski Juniorow - C18"]
[Site "Szczyrk"]
[Date "2013-03-24"]
[Round "7.24"]
[White "Kowalczyk, Adam"]
[Black "Prominski, Piotr"]
[Result "1-0"]
[WhiteTitle "II+"]
[BlackTitle "I"]
[WhiteElo "1878"]
[BlackElo "1834"]

1. e4 c5 2. Nc3 Nc6 3. Nf3 e5 4. Bc4 Be7 5. d3 Nf6 6. O-O O-O 7. Ne1 d6 8. f4 Be6
9. f5 Bxc4 10. dxc4 Nd4 11. Qd3 Qd7 12. Nd5 Nxd5 13. exd5 b5 14. b3 bxc4 15. bxc4
Qa4 16. c3 e4 17. Qxe4 Bf6 18. Qd3 Rfe8 19. Bd2 Ne2+ 20. Kh1 Re7 21. Nf3 Qa3 22.
Rae1 Rae8 23. g4 h6 24. g5 hxg5 25. Nxg5 Nxc3 26. Rxe7 Rxe7 27. Rg1 Nb5 28. Qb1
Bxg5 29. Rg3 Be3 30. Qxb5 Qd3 31. Qb8+ Kh7 1-0

[Event "Indywidualne Mistrzostwa Polski Juniorow - C18"]
[Site "Szczyrk"]
[Date "2013-03-24"]
[Round "9.1"]
[White "Tomsia, Kamil"]
[Black "Licznerski, Lukasz"]
[Result "0-1"]
[WhiteTitle "I++"]
[BlackTitle "FM"]
[WhiteElo "2141"]
[BlackElo "2331"]

1. e4 c6 2. d4 d5 3. exd5 cxd5 4. Bd3 Nc6 5. c3 Nf6 6. Bf4 Bg4 7. Qb3 Qc8 8. Nd2
e6 9. Ngf3 Be7 10. O-O Bh5 11. Rfe1 O-O 12. Ne5 Nxe5 13. Bxe5 Bg6 14. Qc2 b5 15.
Bxg6 hxg6 16. Qd3 Qc6 17. a3 a5 18. b4 Rfc8 19. Rac1 axb4 20. axb4 Ra3 21. Nb1
Ra2 22. Bxf6 gxf6 23. Rcd1 Rca8 24. g3 Rb2 25. Re2 Raa2 26. Red2 Bf8 27. Qe2 Rxd2
28. Rxd2 Ra1 29. Rd1 Qa6 30. f4 Qa4 31. Rc1 Qb3 32. Qe1 Qb2 33. Rd1 Qc2 34. h4
Bh6 35. Kf1 Qh2 36. Qf2 Qh1+ 37. Qg1 Qf3+ 38. Ke1 Qxd1+ 0-1

[Event "Indywidualne Mistrzostwa Polski Juniorow - C18"]
[Site "Szczyrk"]
[Date "2013-03-24"]
[Round "9.2"]
[White "Nasuta, Grzegorz"]
[Black "Nowicki, Bartosz"]
[Result "1-0"]
[WhiteTitle "k"]
[BlackTitle "k"]
[WhiteElo "2295"]
[BlackElo "2156"]

1. e4 c5 2. Nf3 d6 3. d4 cxd4 4. Nxd4 Nf6 5. Nc3 a6 6. h3 e6 7. g4 Be7 8. Bg2 Nfd7
9. Be3 Nc6 10. Nde2 Nde5 11. b3 g5 12. Qd2 b5 13. Ng3 Bb7 14. O-O Rc8 15. Nce2
Ng6 16. f4 gxf4 17. Nxf4 Nce5 18. Rad1 Qc7 19. Rf2 Qc3 20. Qe2 Nxf4 21. Bxf4 Bh4
22. Nh5 Bxf2+ 23. Qxf2 Qxc2 24. Rd2 Qb1+ 25. Kh2 Nd3 26. Qd4 Nxf4 27. Qxh8+ Kd7
28. Qd4 Nxh5 29. Qxd6+ Ke8 30. Qd7+ Kf8 31. Qxb7 Qc1 32. gxh5 Qxd2 33. Qxc8+ Kg7
34. Qc7 Qxa2 35. Qe5+ Kf8 36. Qh8+ Ke7 37. Qxh7 Qb2 38. Qg8 Qe5+ 39. Qg3 Qxh5
40. Qc7+ Kf6 41. Qf4+ Ke7 42. b4 e5 43. Qf5 Qh8 44. Bf3 f6 45. Bg4 Qh6 46. Qf2
Kf7 47. Qa7+ Kf8 48. Qb8+ Kg7 49. Qc7+ Kh8 50. Qd8+ Kg7 51. Qd7+ Kf8 52. Qd6+
Kg7 53. Qd7+ Kf8 54. Kg2 Qg5 55. Qf5 Qd2+ 56. Qf2 Qg5 57. Kg3 Kg7 58. Kh2 Qc1
59. Bf5 Qc4 60. Qa7+ Kg8 61. Qb8+ Kf7 62. Qb7+ Kf8 63. Qc8+ Ke7 64. Qxc4 bxc4
65. Bg4 c3 66. Bd1 Ke6 67. Bc2 1-0

[Event "Indywidualne Mistrzostwa Polski Juniorow - C18"]
[Site "Szczyrk"]
[Date "2013-03-24"]
[Round "9.3"]
[White "Jarmula, Pawel"]
[Black "Musialkiewicz, Jan"]
[Result "0-1"]
[WhiteTitle "k"]
[BlackTitle "k+"]
[WhiteElo "2197"]
[BlackElo "2243"]

1. d4 Nf6 2. c4 e6 3. Nf3 b6 4. g3 Ba6 5. Qb3 c5 6. d5 exd5 7. cxd5 d6 8. Nc3 g6
9. Bg2 Bg7 10. O-O O-O 11. Re1 Re8 12. Nd2 Nbd7 13. a4 Ne5 14. Nb5 Bxb5 15. axb5
Qc8 16. Ra4 Nfd7 17. Qc2 a6 18. Ne4 Qc7 19. Nc3 c4 20. Rd1 Nc5 21. Ra3 axb5 22.
Nxb5 Qd7 23. Rxa8 Rxa8 24. Nd4 Ra1 25. Bf4 Rxd1+ 26. Qxd1 b5 27. Qd2 Nb3 28. Nxb3
cxb3 29. Qe3 Nc4 30. Qxb3 Bxb2 31. Be4 Be5 32. Bxe5 Nxe5 33. Kg2 Qb7 34. Qb4 Nc4
35. Bf3 Qa6 36. Be4 Qa4 37. Qc3 Ne5 38. Bc2 Qa2 39. Qb3 Qa5 40. e4 Nd7 41. h4
h5 42. Qb2 Ne5 43. Qd4 Qa3 44. Bd1 Qa2 45. Qb6 Nc4 46. Qd8+ Kg7 47. Bxh5 Qd2 48.
Bg4 Ne3+ 49. Kf3 Nd1 50. Qb6 b4 51. Kg2 b3 52. Bxd1 Qxd1 53. Qxd6 Qd4 54. e5 b2
55. Qf6+ Kg8 56. Qd8+ Kh7 57. Qd7 Qe4+ 58. Kh2 Qf5 0-1

[Event "Indywidualne Mistrzostwa Polski Juniorow - C18"]
[Site "Szczyrk"]
[Date "2013-03-24"]
[Round "9.4"]
[White "Lewtak, Damian"]
[Black "Pietruszewski, Marcin"]
[Result "1-0"]
[WhiteTitle "m"]
[BlackTitle "k"]
[WhiteElo "2224"]
[BlackElo "2107"]

1. Nf3 Nf6 2. c4 c6 3. d4 d5 4. cxd5 cxd5 5. Nc3 Nc6 6. Qb3 e6 7. Bf4 Bd6 8. Bxd6
Qxd6 9. e3 O-O 10. Bd3 Bd7 11. O-O Rfc8 12. Rac1 Na5 13. Qd1 Nc4 14. Qe2 Qb6 15.
b3 Nd6 16. Ne5 Be8 17. Rc2 Rc7 18. Rfc1 Rac8 19. Nb1 Kf8 20. Rxc7 Rxc7 21. Rxc7
Qxc7 22. Qc2 Qxc2 23. Bxc2 Nd7 24. f4 h6 25. Nc3 f6 26. Nxd7+ Bxd7 27. Kf2 Bb5
28. f5 Ke7 29. fxe6 Kxe6 30. a4 Bc6 31. b4 b6 32. Bb3 f5 33. Kg3 g5 34. Kf3 Ne4
35. Nxe4 fxe4+ 36. Kg4 Kf6 37. b5 Bb7 38. Kh5 Kg7 39. Bd1 Bc8 40. h4 gxh4 41.
Kxh4 Be6 42. Bg4 Bf7 43. Bh5 Be6 44. Be8 Kf8 45. Bg6 Kg7 46. Kh5 Bd7 47. g3 Bh3
48. Be8 Bf1 49. g4 Be2 50. Bc6 Bd1 51. Bxd5 Bxa4 52. Bc4 Bd1 53. d5 Kf6 54. d6
Bf3 55. d7 Ke7 56. Be6 Be2 57. Kxh6 Bxb5 58. g5 Be2 59. g6 b5 60. g7 1-0

[Event "Indywidualne Mistrzostwa Polski Juniorow - C18"]
[Site "Szczyrk"]
[Date "2013-03-24"]
[Round "9.5"]
[White "Zielinski, Maciej"]
[Black "Musialkiewicz, Pawel"]
[Result "1/2-1/2"]
[WhiteTitle "I++"]
[BlackTitle "k"]
[WhiteElo "2091"]
[BlackElo "2182"]

1. Nf3 d5 2. g3 Nf6 3. Bg2 Bg4 4. O-O Nbd7 5. d4 e6 6. c4 c6 7. Nc3 Bxf3 8. Bxf3
dxc4 9. Qc2 Bd6 10. Rd1 Qc7 11. Ne4 Nxe4 12. Bxe4 Nf6 13. Bg2 e5 14. Qxc4 O-O
15. Bg5 Qe7 16. Qb3 Rab8 17. Qf3 exd4 18. Bxf6 Qxf6 19. Qxf6 gxf6 20. Rxd4 Rfd8
21. Rad1 Be7 22. Rd7 Kf8 23. Be4 h6 24. R1d3 Ke8 25. Rxd8+ Rxd8 26. Rb3 Rd7 27.
Kg2 a5 28. Bf5 Rd5 29. Be4 Rd7 30. Rd3 Rxd3 31. Bxd3 a4 32. f4 a3 33. bxa3 Bxa3
34. Kf3 Bf8 35. Ke4 Be7 36. Kf5 Bd8 37. a4 Be7 38. Bc4 Bd8 39. e4 Kf8 40. Be2
Ke7 41. h4 Ba5 42. g4 Bd2 43. Bc4 Bc1 44. Bd3 Bd2 1/2-1/2

[Event "Indywidualne Mistrzostwa Polski Juniorow - C18"]
[Site "Szczyrk"]
[Date "2013-03-24"]
[Round "9.6"]
[White "Mroziak, Maciej"]
[Black "Budzinski, Jan"]
[Result "1/2-1/2"]
[WhiteTitle "I++"]
[BlackTitle "I+"]
[WhiteElo "2149"]
[BlackElo "1984"]

1. c4 e5 2. Nc3 Nc6 3. g3 f5 4. Bg2 Nf6 5. d3 Bb4 6. e3 Bxc3+ 7. bxc3 O-O 8. Ne2
Re8 9. O-O d6 10. Rb1 e4 11. d4 b6 12. Ba3 Ba6 13. c5 dxc5 14. Re1 cxd4 15. cxd4
Na5 16. Rc1 Kh8 17. Nf4 Bb7 18. h4 Nd5 19. Qh5 Nxf4 20. gxf4 Rc8 21. Qxf5 Qxh4
22. d5 c5 23. dxc6 Rxc6 24. Rxc6 Bxc6 25. Rc1 Qf6 26. Qxf6 gxf6 27. Bb4 Bd5 28.
Rc7 Bxa2 29. Bc3 Re6 30. Rxa7 Kg8 31. f5 Rc6 32. Bd4 Bb1 33. Bxb6 Rxb6 34. Rxa5
Bd3 35. Kh2 Rb7 36. Ra8+ Kg7 37. Ra4 Rb5 38. Bh3 Rb1 39. Bg2 Rb5 40. Bh3 Rb1 41.
Rd4 Kh6 42. Rd7 Be2 43. Bg2 Bf3 44. Bxf3 exf3 45. Kg3 Kg5 46. e4 Rb4 47. Rg7+
Kh6 48. Rg4 Kh5 49. Kxf3 Rb3+ 50. Kf4 Rb2 51. f3 Kh6 52. Rg1 Rb4 53. Rg8 Ra4 54.
Rd8 Kg7 55. Rd7+ Kg8 56. Re7 Ra1 57. Rc7 Rb1 58. Ke3 Rb3+ 59. Ke2 Rb2+ 60. Kd3
Rf2 61. Ke3 Rf1 62. Rc3 Re1+ 63. Kd4 Rd1+ 64. Rd3 Ra1 65. f4 Rf1 66. Kd5 Rxf4
67. Ra3 h5 68. Ke6 Rxe4+ 69. Kxf6 h4 70. Ra8+ Kh7 71. Kf7 Rb4 72. f6 Rb7+ 73.
Ke6 Rb6+ 74. Kf5 Rb5+ 75. Kg4 Kg6 76. Ra6 Rb4+ 77. Kh3 Rf4 78. f7+ 1/2-1/2

[Event "Indywidualne Mistrzostwa Polski Juniorow - C18"]
[Site "Szczyrk"]
[Date "2013-03-24"]
[Round "9.7"]
[White "Poswiatowski, Michal"]
[Black "Malec, Sebastian"]
[Result "0-1"]
[WhiteTitle "I+"]
[BlackTitle "k"]
[WhiteElo "2076"]
[BlackElo "2171"]

1. e4 c5 2. Nf3 e6 3. c4 Nc6 4. Nc3 Nd4 5. g3 Ne7 6. Bg2 Nec6 7. O-O Be7 8. b3
h5 9. Bb2 h4 10. a3 d6 11. b4 Bf6 12. b5 Ne5 13. Nxd4 cxd4 14. Ne2 d3 15. Nc1
Nxc4 16. Bxf6 Qxf6 17. Nxd3 hxg3 18. hxg3 Qh6 19. f4 Qf6 20. e5 Qg6 21. Rf3 Qe4
22. Nf2 Qd4 23. Rc1 d5 24. Qa4 Bd7 25. Qb4 Qb6 26. Rb3 f5 27. Bf1 Kf7 28. Bg2
g5 29. fxg5 Rag8 30. d3 Nxe5 31. Qc3 Ng4 32. d4 Rc8 33. Nxg4 Rxc3 34. Ne5+ Kg7
35. Rcxc3 Qxd4+ 36. Re3 Bxb5 37. Rbc3 Rc8 38. Nf3 Qxc3 39. Rxc3 Rxc3 40. Nd4 Bd7
0-1